लोड हो रहा है...
Indian economy
| मुख्य लेखक: | |
|---|---|
| स्वरूप: | Printed Book |
| प्रकाशित: |
Dominant Publishers and Distributors, New Delhi
2004
|
| विषय: |
| LEADER | 00515nam a2200193 4500 | ||
|---|---|---|---|
| 020 | |c 550 | ||
| 082 | |a 330.954 QUR | ||
| 100 | |a Qureshi, M S | ||
| 245 | |a Indian economy |c Qureshi, M S | ||
| 250 | |||
| 260 | |a Dominant Publishers and Distributors, New Delhi |c 2004 | ||
| 300 | |a 293 p | ||
| 490 | |||
| 500 | |||
| 590 | |||
| 650 | |a Indian economy | ||
| 942 | |c BK | ||
| 999 | |c 137691 |d 137691 | ||
| 952 | |0 0 |1 0 |4 0 |6 330_954000000000000_QUR |7 0 |9 151151 |a IMK |b IMK |g 550.00 |l 0 |o 330.954 QUR |p IMK04697 |r 2019-10-25 |w 2019-10-25 |y BK | ||